Quantitatives Risikomanagement in Banken

Saved in:
Bibliographic Details
Main Author: Kopp, Ulla-Christiane
Format: Book
Language:German
Published: Wiesbaden Deutscher Universitäts Verlag 1993
Edition:1. Aufl.
Subjects:
Tags: Add Tag
No Tags, Be the first to tag this record!

MARC

LEADER 00000nam a2200000 4500
001 c010396
005 20221206074944.3
020 |a 3-8244-0133-9 
041 0 |a ger 
044 |a DE 
245 1 0 |a Quantitatives Risikomanagement in Banken  |c Ulla-Christiane Kopp 
250 |a 1. Aufl. 
264 1 |a Wiesbaden  |b Deutscher Universitäts Verlag  |c 1993 
300 |a 197 s. 
610 2 0 |a banky 
610 2 0 |a manažment 
610 2 0 |a riziko 
610 2 0 |a úrok 
610 2 0 |a kurz menový 
610 2 0 |a nástroje finančné 
610 2 0 |a modely rozhodovania 
610 2 0 |a swap 
610 2 0 |a obchody termínové 
100 1 |a Kopp, Ulla-Christiane